Unasylva; Vol.46 (N181)/1995; Vol.47 (187)/1996;Vol.51 (N201)/2000;Vol.51 (N202)/2000
Gorde:
| Egile nagusia: | |
|---|---|
| Formatua: | Liburua |
| Hizkuntza: | Undetermined |
| Argitaratua: |
Rome
FAO
1995
|
| Gaiak: | |
| Etiketak: |
Etiketa erantsi
Etiketarik gabe, Izan zaitez lehena erregistro honi etiketa jartzen!
|
| Thư viện lưu trữ: | Trung tâm Học liệu Trường Đại học Cần Thơ |
|---|
| LEADER | 00521nam a2200181Ia 4500 | ||
|---|---|---|---|
| 001 | CTU_42544 | ||
| 008 | 210402s9999 xx 000 0 und d | ||
| 082 | |a 634 | ||
| 082 | |b U54/2000 | ||
| 100 | |a FAO | ||
| 245 | 0 | |a Unasylva; Vol.46 (N181)/1995; Vol.47 (187)/1996;Vol.51 (N201)/2000;Vol.51 (N202)/2000 | |
| 245 | 0 | |c FAO | |
| 260 | |a Rome | ||
| 260 | |b FAO | ||
| 260 | |c 1995 | ||
| 650 | |a forests and forestry | ||
| 904 | |i Nguyễn Quang Điền, 010704 | ||
| 980 | |a Trung tâm Học liệu Trường Đại học Cần Thơ | ||